<?xml version="1.0" encoding="UTF-8"?>
<collection xmlns="http://www.loc.gov/MARC21/slim">
 <record>
  <leader>01289nam a22002057a 4500</leader>
  <controlfield tag="001">NCT_78406</controlfield>
  <controlfield tag="008">200422b        xxu||||| |||| 00| 0 vie d</controlfield>
  <datafield tag="999" ind1=" " ind2=" ">
   <subfield code="c">3824</subfield>
   <subfield code="d">3824</subfield>
  </datafield>
  <datafield tag="020" ind1=" " ind2=" ">
   <subfield code="a">0072922281</subfield>
  </datafield>
  <datafield tag="082" ind1="0" ind2="4">
   <subfield code="2">23rd ed.</subfield>
   <subfield code="a">696</subfield>
   <subfield code="b">H459</subfield>
  </datafield>
  <datafield tag="100" ind1="1" ind2=" ">
   <subfield code="a">Heerwagen, Dean</subfield>
  </datafield>
  <datafield tag="245" ind1="1" ind2="0">
   <subfield code="a">Passive and active environmental controls :</subfield>
   <subfield code="b">Informing the schematic designing of buildings</subfield>
   <subfield code="c">Dean Heerwagen</subfield>
  </datafield>
  <datafield tag="260" ind1=" " ind2=" ">
   <subfield code="a">New York, NY</subfield>
   <subfield code="b">McGraw-Hill </subfield>
   <subfield code="c">2004</subfield>
  </datafield>
  <datafield tag="300" ind1=" " ind2=" ">
   <subfield code="a">xix, 940 p.</subfield>
   <subfield code="b">ill.</subfield>
   <subfield code="c">27cm</subfield>
  </datafield>
  <datafield tag="504" ind1=" " ind2=" ">
   <subfield code="a">Includes index</subfield>
  </datafield>
  <datafield tag="520" ind1="2" ind2=" ">
   <subfield code="a">The book serves as an introduction to the subject of environmental controls and presents information necessary for the schematic design of buildings. It describes the various components of a particular system, developing how a system functions, how the systems components fit together and how spaces are organized to accommodate these components. The book demonstrates how each system is integrated with other building systems, such as the structural systems and the overall architecture of the building.</subfield>
  </datafield>
  <datafield tag="653" ind1=" " ind2=" ">
   <subfield code="a">Kỹ thuật công trình xây dựng</subfield>
  </datafield>
  <datafield tag="942" ind1=" " ind2=" ">
   <subfield code="2">ddc</subfield>
   <subfield code="c">BK</subfield>
  </datafield>
  <datafield tag="952" ind1=" " ind2=" ">
   <subfield code="0">0</subfield>
   <subfield code="1">0</subfield>
   <subfield code="2">ddc</subfield>
   <subfield code="4">0</subfield>
   <subfield code="6">696_000000000000000_H459</subfield>
   <subfield code="7">0</subfield>
   <subfield code="9">19438</subfield>
   <subfield code="a">000001</subfield>
   <subfield code="b">000001</subfield>
   <subfield code="d">2020-04-22</subfield>
   <subfield code="o">696 H459</subfield>
   <subfield code="p">MD.17089</subfield>
   <subfield code="r">2020-04-22</subfield>
   <subfield code="w">2020-04-22</subfield>
   <subfield code="y">BK</subfield>
  </datafield>
  <datafield tag="980" ind1=" " ind2=" ">
   <subfield code="a">Thư viện Trường Đại học Nam Cần Thơ</subfield>
  </datafield>
 </record>
</collection>
